Регионална библиотека "Любен Каравелов" - Русе

Ламперии, стелажи, мебели (Запис номер 60826)

MARC детайли
000 -Лидер
Контролно поле с фиксирана дължина 01443nam a2200337 c 4500
003 - Код на организацията, давaща контролен номер
Контролно поле BLK
005 - Дата и час на последна редакция
Контролно поле 20220323092818.0
008 - Елементи от данни с фиксирана дължина
fixed length control field 180408b bul|||||r ||||||| ||bul||
010 ## - Наследен системен номер
LC control number KNG00065013000
040 ## - Източник на каталожния запис
Идентификатор на билиотеката - собственик на записа BLK
041 ## - Код за език
Код за езика на текст/звукозапис или на отделно заглавие Български
Код за езика КДБФ Български
080 ## - УДК
Текстов определител УДК Мебелно производство. Тапицерство
УДК код - определител по УДК 684
УДК определител (035)
УДК - код + определител 684(035)
100 1# - Редна дума - Автор
Автор Фирков, Атанас Костадинов
Авторска отговорност първи автор
R(LIN) 134253
139 ## - Редно поле
Редна дума Фирков, Атанас Костадин и др.
Авторски знак Фир - Ф 56
245 10 - Сведения за заглавието
Заглавие Ламперии, стелажи, мебели
Подзаглавни данни Ръководство
Редно поле (дума) Атанас Костадинов Фирков; съавт. Кръстьо Луканов Христов; съавт. Илко Светославов Савов.
257 ## - Страна на издаване
Страна на създаване/издаване България
260 ## - Област на издателските данни
Място на издаване, разпространение и проч. София
Име на издателя, разпространителя и проч. Техника
Година на издаване 1981
Печатница Хасково : печ. Ат. Стратиев
300 ## - Физическа характеристика
Страници 227 с.
Илюстрации и др. с ил.
Размери/Мащаб 22 см
380 ## - Жанр
Жанр Техника
490 1# - СЕРИИ (Колекции)
Име на серия Поредица Направи си сам
650 #4 - Допълнително описание по предмет – тема
Основно описание – тема или топоним Мебелно производство
9 (RLIN) 282264
653 ## - Ключова дума – ненормативна
Ключова дума мебели
653 ## - Ключова дума – ненормативна
Ключова дума мебелно производство
700 1# - Други автори (авторска отговорност)
Лично име Христов, Кръстьо Луканов
Автороска отговорност (Описва отношението между автора и произведението) съавт.
9 (RLIN) 290217
700 1# - Други автори (авторска отговорност)
Лично име Савов, Илко Светославов
Автороска отговорност (Описва отношението между автора и произведението) съавт.
9 (RLIN) 290218
852 ## - Местоположение
Форматна сигнатура Цб 111887
Фондова буква Хранилище
856 4# - Електронен адрес и достъп
Електронен формат pdf - файл
856 4# - Електронен адрес и достъп
Електронен формат pdf - файл
999 ## - СИСТЕМНИ КОНТРОЛНИ НОМЕРА
Koha biblionumber 60826
Koha biblioitemnumber 60826
942 ## - АРТИКУЛИ
Вид на библиотечния материал Книги
Скрит в OPAC Не
Периодичен библиозапис Да
944 ## - СЪЗДАВАНЕ И РЕДАКЦИЯ на ЗАПИСА
Създаване/Редакция Създаване
Дата на регистрацията/редакция 13.06.2004
Служител, извършил регистрацията/редакцията Геновева_Генчева
944 ## - СЪЗДАВАНЕ И РЕДАКЦИЯ на ЗАПИСА
Създаване/Редакция Редакция
Дата на регистрацията/редакция 10.07.2006
999 ## - СИСТЕМНИ КОНТРОЛНИ НОМЕРА
Koha biblioitemnumber 60826
999 ## - СИСТЕМНИ КОНТРОЛНИ НОМЕРА
Koha biblioitemnumber 60826
Наличности
Код за отписване Код за изгубен артикул Източник на класификационната схема Код за повреда Коз за рестрикции Код за отдаване Артикулен № Име на библиотеката - собственик Име на библиотеката, в която се намира в момента Статус (Текущо местоположение) Дата на вписване в системата Местоположение - отдел Цена в лева Инвентарен номер Систематично азбучна сигнатура Баркод Номер на екземпляра Цена в евро Служебна бележка Служебен тип на артикула
Изтеглен Не е изгубен Universal Decimal Classification Не е повреден без рестрикции заемане за дома 100100 Регионална библиотека "Любен Каравелов" Русе Регионална библиотека "Любен Каравелов" Русе Заемна - подръчен фонд 1981-01-01 Заемна - подръчен фонд 1.22 342315 П 684/Ф 56 342315 1 0.62 Дост: Pk Вид: Ф N: стар фонд Дата: 01.01.1981 Книги
Изтеглен Не е изгубен Universal Decimal Classification Не е повреден без рестрикции заемане за дома 100101 Регионална библиотека "Любен Каравелов" Русе Регионална библиотека "Любен Каравелов" Русе Заемна - подръчен фонд 1981-01-01 Заемна - подръчен фонд 1.22 342317 П 684/Ф 56 342317 2 0.62 Дост: Pk Вид: Ф N: стар фонд Дата: 01.01.1981 Книги
Изтеглен Не е изгубен Universal Decimal Classification Не е повреден без рестрикции заемане за дома 100102 Регионална библиотека "Любен Каравелов" Русе Регионална библиотека "Любен Каравелов" Русе Заемна - подръчен фонд 1981-01-01 Заемна - подръчен фонд 1.22 342318 П 684/Ф 56 342318 3 0.62 Дост: Pk Вид: Ф N: стар фонд Дата: 01.01.1981 Книги
Изтеглен Не е изгубен Universal Decimal Classification Не е повреден без рестрикции заемане за дома 100103 Регионална библиотека "Любен Каравелов" Русе Регионална библиотека "Любен Каравелов" Русе Заемна - подръчен фонд 1981-01-01 Заемна - подръчен фонд 1.22 342319 П 684/Ф 56 342319 4 0.62 Дост: Pk Вид: Ф N: стар фонд Дата: 01.01.1981 Книги
Изтеглен Не е изгубен Universal Decimal Classification Не е повреден без рестрикции заемане за дома 100104 Регионална библиотека "Любен Каравелов" Русе Регионална библиотека "Любен Каравелов" Русе Заемна - подръчен фонд 1981-01-01 Заемна - подръчен фонд 0.00 623394 П 684/Ф 56 623394 5 0.00 Дост: Pk Вид: Ф N: стар фонд Дата: 01.01.1981 Книги
  Не е изгубен Universal Decimal Classification Не е повреден само за читалня ползва се в читалня 878433 Регионална библиотека "Любен Каравелов" Русе Регионална библиотека "Любен Каравелов" Русе Хранилище 2022-03-23 Хранилище 1.22 339908 Цб 111887 120000339908   0.62   Книги
Vip Innovations Ltd, Rousse, Bulgaria 2025